Central Library OPAC University of Rajshahi

Economics : (Record no. 2274)

MARC details
000 -LEADER
fixed length control field 00766cam a2200241u 4500
001 - CONTROL NUMBER
control field 2274
003 - CONTROL NUMBER IDENTIFIER
rucl marc code BD-RjUL
005 - DATE AND TIME OF LATEST TRANSACTION
control field 20211208233521.0
008 - FIXED-LENGTH DATA ELEMENTS--GENERAL INFORMATION
fixed length control field 160731s1968 onca 000 0 eng
035 ## - SYSTEM CONTROL NUMBER
System control number (BD-RjUL)2301
040 ## - CATALOGING SOURCE
Original cataloging agency DLC
Transcribing agency CarP
Modifying agency DLC
-- BD-RjUL
Language of cataloging eng
041 ## - LANGUAGE CODE
Language code of text/sound track or separate title eng
082 04 - DEWEY DECIMAL CLASSIFICATION NUMBER
Edition number 19
Classification number 330
Author mark and year SAE 1968
100 1# - MAIN ENTRY--PERSONAL NAME
Personal name Samuelson, Paul A.
Fuller form of name (Paul Anthony),
Dates associated with a name 1915-2009.
9 (RLIN) 6103
245 00 - TITLE STATEMENT
Title Economics :
Remainder of title an introductory analysis /
Statement of responsibility, etc. Paul A Samuelson.
250 ## - EDITION STATEMENT
Edition statement Canadian ed.
260 ## - PUBLICATION, DISTRIBUTION, ETC. (IMPRINT)
Place of publication, distribution, etc. Toronto ;
-- New York :
Name of publisher, distributor, etc. McGraw-Hill Co. of Canada,
Date of publication, distribution, etc. c1968.
300 ## - PHYSICAL DESCRIPTION
Pagination xxiv, 945 p. :
Illustrations col. illus. ;
Size 25 cm.
650 #0 - SUBJECT ADDED ENTRY--TOPICAL TERM
Topical term or geographic name as entry element Economics.
9 (RLIN) 7393
700 1# - ADDED ENTRY--PERSONAL NAME
Personal name Scott, Anthony, [from old catalog]
Relator term joint author.
942 ## - ADDED ENTRY ELEMENTS (KOHA)
Source of classification or shelving scheme Dewey Decimal Classification
Koha item type Books
Holdings
Lost status Source of classification or shelving scheme Damaged status Not for loan Collection code Permanent Location Current Location Shelving location Date acquired Source of acquisition Cost, normal purchase price Total Checkouts Full call number Date last seen Copy number Koha item type Date checked out
  Dewey Decimal Classification     Non-fiction Central Library, University of Rajshahi Central Library, University of Rajshahi   13/03/1974 Canada Govt. 0.00   330 SAE 1968 11/12/2013 C-6 Books  
  Dewey Decimal Classification     Non-fiction Central Library, University of Rajshahi Central Library, University of Rajshahi   13/03/1974 Canada Govt.   1 330 SAE 1968 30/01/2022 C-2 Books 25/01/2022